Klicke die Schweizer Kantone auf einer Karte - Statistiken

Allgemein
  • Dieses Quiz wurde 4 mal gespielt
  • Das Durchschnittsergebnis liegt bei 19 aus 26
Antworten auf der Karte
Die Antworten werden auf der Karte rot bzw. grün angezeigt, abhängig davon wie oft sie richtig erraten wurden.
 
Antwortstatistiken
Antwort % Korrekt
Freiburg
100%
Luzern
100%
Sankt Gallen
100%
Schffhaus
100%
Aargau
75%
Apenzell Außerrhoden
75%
Apenzell Innerrhoden
75%
Basel-Landschaft
75%
Basel-Stadt
75%
Bern
75%
Genf
75%
Graubünden
75%
Jura
75%
Nidwalden
75%
Obwalden
75%
Schwyz
75%
Solothurn
75%
Tessin
75%
Uri
75%
Waadt
75%
Zürich
75%
Glarus
50%
Neuenburg
50%
Thurgau
50%
Wallis
50%
Zug
50%
Keine übereinstimmenden Quizze gefunden
Verteilung der Resultate
Anzahl Personen mit jedem Resultat
Perzentil nach korrekt beantworteten Fragen
Ihre Resultats-Entwicklung
Sie haben dieses Quiz noch nicht gespielt